000 002620000a22001090004500
082 0 4 _aT145a
110 1 _aFundación Taller de letras
245 1 0 _aViajes y aventuras / Fundación Taller de letras
505 0 0 _aRevista Literaria No 3
001 2007
942 _cLGB
999 _c49157
_d49157